000
00331nam a2200121Ia 4500
008
240624s9999 xx 000 0 und d
041
_a
eng
082
_a
658.5 MAR
100
_a
MARTINICH JOSEPH S
245
_a
PRODUCTION AND OPERATIONS MANAGEMENT AN
260
_c
2003
_a
Singapore
_b
John Wiley
300
_a
xxii, : 875 : p. : cm. ; 24
999
_c
5191
_d
5191